| 000 | 00653nam a2200229Ia 4500 | ||
|---|---|---|---|
| 008 | 180523s9999 xx 000 0 und d | ||
| 020 | _a1-4050-8606-8 | ||
| 050 | _aMAIN PE 1439 | ||
| 050 | _b.Z46 2003 | ||
| 100 | _aZemach, Dorothy E. | ||
| 245 | 0 | _aAcademic writing : | |
| 245 | 0 | _bfrom paragraph to essay / | |
| 245 | 0 | _cDorothy E. Zemach, Lisa A. Rumisek. | |
| 260 | _a[s.l.] : | ||
| 260 | _bMacMillan, | ||
| 260 | _c2003 | ||
| 300 | _a128 pages : | ||
| 300 | _billustrations (some colored) ; | ||
| 300 | _c27 cm. | ||
| 650 | _aEnglish language -- Paragraphs -- Problems, exercises, etc. | ||
| 650 | _xEnglish language -- Rhetoric. | ||
| 999 |
_c357387 _d357387 |
||